000 00918nam a2200241 a 4500
001 46543
003 BD-RjUL
005 20211209054152.0
008 160803s1959 pk 000 0 eng d
035 _a(BD-RjUL)46662
040 _aGZM
_cGZM
_dZCU
_dBD-RjUL
_beng
041 _aeng
082 _223
_a347.6
_bMAR 1959
245 1 0 _aMarriage Commission Report X-rayed;
_ba study of the family law of Islam and a critical appraisal of the modernist attempts to 'reform' it.
_cContributors: Maulana Abul A'la Maudoodi [and others] ...
260 _aKarachi :
_bChiragh-E-Rah,
_c1959
300 _axv, 315 p.
_c19 cm.
500 _aIncludes the Pakistan Marriage Commission Questionnaire and Report in full.
650 0 _aMarriage law
_zPakistan.
_9141985
650 0 _aMarriage (Islamic law)
_9141986
700 _aAhmad, Khurshid, editor
_9141987
710 1 _aPakistan.
_bMarriage Commission.
_9141988
942 _2ddc
_cBK
999 _c46543
_d46543